MARC

LEADER 00000nam0a2200000 4500
001 126302
005 20231031131825.0
035 |a (RuTPU)RU\TPU\book\136638 
090 |a 126302 
100 |a 20071126d1963 km y0rusy50 ca 
101 0 |a rus 
102 |a RU 
105 |a a z 000zy 
200 1 |a Импульс реактивной силы пороховых ракет  |f Я. Б. Зельдович, М. А. Ривин, Д. А. Франк-Каменецкий 
210 |a Москва  |c Оборонгиз  |d 1963 
215 |a 191 с.  |c ил. 
610 1 |a пороховые двигатели 
610 1 |a реактивные двигатели 
610 1 |a термодинамический расчет 
610 1 |a импульсы 
610 1 |a пороховые газы 
610 1 |a теплопередача 
610 1 |a сжигание 
675 |a 629.136.34  |v 3 
700 1 |a Зельдович  |b Я. Б.  |g Яков Борисович 
701 1 |a Ривин  |b М. А.  |g Михаил Абрамович 
701 1 |a Франк-Каменецкий  |b Д. А.  |g Давид Альбертович 
801 1 |a RU  |b 63413507  |c 20071126  |g PSBO 
801 2 |a RU  |b 63413507  |c 20201125  |g PSBO 
942 |c BK